Consumer spending and monetary policy: the linkage (Record no. 46860)

000 -CABECERA
campo de control de longitud fija 00446nam#a2200169#c#4500
003 - IDENTIFICADOR DEL NÚMERO DE CONTROL
campo de control IEF
005 - FECHA Y HORA DE LA ÚLTIMA TRANSACCIÓN
campo de control 20180219155214.0
008 - CÓDIGOS DE INFORMACIÓN DE LONGITUD FIJA
campo de control de longitud fija 950601s1969 uuu####fr####| 0||u| |u
040 ## - FUENTE DE LA CATALOGACIÓN
Centro catalogador de origen IEF
110 2# - PUNTO DE ACCESO PRINCIPAL - NOMBRE DE ENTIDAD CORPORATIVA
Nombre de entidad corporativa o nombre de jurisdicción como elemento inicial Federal Reserve Bank of Boston
9 (RLIN) 31105
245 ## - MENCIÓN DE TÍTULO
Título Consumer spending and monetary policy: the linkage
260 ## - PUBLICACIÓN, DISTRIBUCIÓN, ETC. (PIE DE IMPRENTA)
Fecha de publicación distribución etc. 1969
490 ## - MENCIÓN DE SERIE
Mención de serie Federal Reserve Bank of Boston. Conference series ; 5
942 ## - ELEMENTOS DE PUNTO DE ACCESO ADICIONAL (KOHA)
Tipo de ítem Koha Libros
942 ## - ELEMENTOS DE PUNTO DE ACCESO ADICIONAL (KOHA)
-- 48562
Holdings
Estado de retiro Estado de pérdida Estado dañado No para préstamo Localización permanente Fecha de adquisición Signatura topográfica completa Código de barras Fecha visto por última vez Precio válido a partir de Tipo de ítem Koha
      Disponible para préstamo IEF 1995-06-01 30188 30188 2018-02-19 2018-02-19 Libros

Powered by Koha